书目信息 |
| 题名: |
对话与反思
|
|
| 作者: | 欧阳康 著 | |
| 分册: | ||
| 出版信息: | 北京 人民出版社 2005 |
|
| 页数: | 18,339页 | |
| 开本: | 23cm | |
| 丛书名: | 当代英美哲学与哲学家研究丛书 | |
| 单 册: | ||
| 中图分类: | B561.5 | |
| 科图分类: | ||
| 主题词: | 哲学--研究--英国--现代 , 哲学 , 哲学--研究--美国--现代 | |
| 电子资源: | ||
| ISBN: | 7-01-005002-3 | |
| 000 | 01242oam2 2200301 450 | |
| 001 | 003003776 | |
| 005 | 20061104101816.54 | |
| 010 | @a7-01-005002-3@dCNY34.00 | |
| 100 | @a20040727d2005 em y0chiy0110 ea | |
| 101 | 0 | @achi@eeng |
| 102 | @aCN@b110000 | |
| 105 | @ay z 000yy | |
| 200 | 1 | @a对话与反思@9dui hua yu fan si@e当代英美哲学、文化及其他@dDialogue and reflection@econtemporary Brithish and American philosophy, cultures and others@f欧阳康著@zeng |
| 210 | @a北京@c人民出版社@d2005 | |
| 215 | @a18,339页@d23cm | |
| 225 | 2 | @a当代英美哲学与哲学家研究丛书 |
| 300 | @a国家哲学社会科学规划项目“当代英美哲学与哲学家研究”课题成果 | |
| 330 | @a本书荟萃了作者与当代世界一流学者的学术对话,对东西方哲学与文化的深层感悟,对当代重要哲学问题的多维反思。 | |
| 461 | 0 | @12001 @a当代英美哲学与哲学家研究丛书 |
| 510 | 1 | @aDialogue and reflection@econtemporary Brithish and American philosophy, cultures and others@zeng |
| 517 | 1 | @a当代英美哲学、文化及其他@9dang dai ying mei zhe xue、wen hua ji qi ta |
| 606 | 0 | @a哲学@x研究@y英国@z现代 |
| 606 | 0 | @a哲学 |
| 606 | 0 | @a哲学@x研究@y美国@z现代 |
| 690 | @aB561.5@v4 | |
| 701 | 0 | @a欧阳康@9ou yang kang@f(1953.6~)@4著 |
| 801 | 0 | @aCN@bNLC@c20061104 |
| 905 | @a10447@dB561.5@e27 | |
| 对话与反思:当代英美哲学、文化及其他=Dialogue and reflection:contemporary Brithish and American philosophy, cultures and others/欧阳康著.-北京:人民出版社,2005 |
| 18,339页;23cm.-(当代英美哲学与哲学家研究丛书) |
| 国家哲学社会科学规划项目“当代英美哲学与哲学家研究”课题成果 |
| ISBN 7-01-005002-3:CNY34.00 |
| 本书荟萃了作者与当代世界一流学者的学术对话,对东西方哲学与文化的深层感悟,对当代重要哲学问题的多维反思。 |
| ● |
| 相关链接 |
|
|
|
|
正题名:对话与反思
索取号:B561.5/27
 
预约/预借
| 序号 | 登录号 | 条形码 | 馆藏地/架位号 | 状态 | 备注 |
| 1 | 0380295 | 203802956 | 第一样本阅览室/ [索取号:B561.5/27] | 在馆 | |
| 2 | 0380296 | 203802965 | 第一借阅区/ [索取号:B561.5/27] | 在馆 | |
| 3 | 0380297 | 203802974 | 第一借阅区/ [索取号:B561.5/27] | 在馆 | |
| 4 | 0380298 | 203802983 | 第一借阅区/ [索取号:B561.5/27] | 在馆 | |
| 5 | 0380299 | 203802992 | 第一借阅区/ [索取号:B561.5/27] | 在馆 |